| 000 | 01049nam0a22002771 4500 | ||
|---|---|---|---|
| 001 | rc\961466 | ||
| 005 | 20260407125311.0 | ||
| 035 | _a(NLR Aleph) 006131126 | ||
| 090 |
_a5562690 _c5562690 |
||
| 100 | _a20041129d1982 |||y0rusy50 ca | ||
| 101 | 0 | _arus | |
| 102 | _aRU | ||
| 105 | _aa ||||||||| | ||
| 200 | 1 |
_aСтруктурная турбулентность _dStructural turbulence _eСб. науч. тр. _fАН СССР. Сиб. отд-ние, Ин-т теплофизики _gПод ред. М.А. Гольдштика |
|
| 210 |
_aНовосибирск _cИТФ _d1982 |
||
| 215 |
_a165 с. _cил. _d20 |
||
| 320 | _aБиблиогр. в конце работ | ||
| 510 | 0 | _aStructural turbulence | |
| 702 | 1 |
_aГольдштик _bМ.А. _gМихаил Александрович _4340 |
|
| 712 | 0 | 2 |
_4475 _aИнститут теплофизики _cНовосибирск _3RU\NLR\AUTH\889968891 _9434174 |
| 801 | 0 |
_aRU _bNLR _gpsbo |
|
| 801 | 1 |
_aRU _bELAR _2rusmarc |
|
| 852 |
_aNLR _j83-3/2328 |
||
| 942 | _cBOOK | ||
| 980 | _aNB | ||